| 000 | 00568nam a2200181 a 4500 | ||
|---|---|---|---|
| 005 | 20260322212051.0 | ||
| 008 | data | ||
| 010 | _a76-079767 | ||
| 020 | _a910812039 | ||
| 096 | _aWS 105 W961k 1970 | ||
| 100 | 1 |
_aWunderlich, Ray C., _d1929- |
|
| 245 | 1 | 0 |
_aKids, brains & learning; what goes wrong--prevention and treatment _cRay C. Wunderlich. |
| 260 |
_aSt. Petersburg, Fla. _bJohnny Reads _c 1970 |
||
| 300 |
_aix, 534 p. : _b illus. ; _c 24 cm. |
||
| 500 | _aBibliography: p. 515-516. | ||
| 650 | 0 | 2 |
_aDisabled Children _xeducation _vhandbooks, manuals, etc. |
| 001 | data | ||
| 999 |
_c1221 _d1221 |
||